=LDR 00000nam 2200000 4500 =001 INLIS000000000033143 =005 20140415130039.0 =006 =007 =008 ind =035 ##$$a 0010-061300000033143 =041 ##$$a ind =082 ##$$a 346.09 =090 ##$$a 346.09, Unt h =100 ##$$a Untung, Hendrik Budi, SH.CN.,MM =245 ##$$a Hukum investasi/Dr. Hendrik Budi Untung =260 ##$$a 2010 $b Jakarta =300 ##$$a xi,142 hlm., Ilus, 20 cm =650 ##$$a Investasi =850 ##$$a NBPNMAT